000 00881nam a2200241 i 4500
001 172008
003 ES-MaACL
005 20250808062821.0
008 090610s1987 sp |||| | spa d
017 _aM 175-1987
020 _a84-220-1274-X
100 1 _aHerrera Oria, Ángel,
_d1886-1968
_963232
245 1 0 _aEl pensamiento de Ángel Herrera
_b: antología política y social /
_cpor José Mª García Escudero ; prólogo por Alfonso Ibáñez de Aldecoa.
260 _aMadrid :
_bLa Editorial Católica,
_c1987.
300 _aXXIX, 328 p., 1 h. ;
_c20 cm.
490 1 _aBiblioteca de autores cristianos ;
_v486
500 _aÍndice.
700 1 _aGarcía Escudero, José María.
_954570
700 1 _aIbáñez de Aldecoa, Alfonso.
_9140612
830 0 0 _aBiblioteca de autores cristianos
_v486
_9178679
852 _aES-MaACL
_jJ-474
_9R.46092
999 _c172008
_d172008